Créditos laborales en los concursos (Record no. 75496)

MARC details
000 -LEADER
fixed length control field 00931cam a2200217 4500
005 - DATE AND TIME OF LATEST TRANSACTION
control field 20260218115941.0
008 - FIXED-LENGTH DATA ELEMENTS--GENERAL INFORMATION
fixed length control field 180606b2000 ar ||||| |||| 00| 0dspa d
020 ## - INTERNATIONAL STANDARD BOOK NUMBER
International Standard Book Number 9505084676
050 04 - LIBRARY OF CONGRESS CALL NUMBER
Classification number KHA1499.W34
Item number M39 2000
100 1# - MAIN ENTRY--PERSONAL NAME
Personal name Maza, Alberto José
245 10 - TITLE STATEMENT
Title Créditos laborales en los concursos
Remainder of title : pronto pago, Fuero de atracción, verificación, Privilegios, Continuación de la explotación, Efectos del concurso preventivo y la quiebra, Quiebra solicitada por acreedor laboral
Statement of responsibility, etc / Alberto José Maza, Javier Armando Lorente
250 ## - EDITION STATEMENT
Edition statement 2a ed.
260 ## - PUBLICATION, DISTRIBUTION, ETC. (IMPRINT)
Place of publication, distribution, etc Buenos Aires :
Name of publisher, distributor, etc Astrea de Alfredo y Ricardo Depalma,
Date of publication, distribution, etc 2000
300 ## - PHYSICAL DESCRIPTION
Extent xvi, 243 p. ;
Dimensions 23 cm.
504 ## - BIBLIOGRAPHY, ETC. NOTE
Bibliography, etc Bibliografía : p. 237-243
650 #7 - SUBJECT ADDED ENTRY--TOPICAL TERM
Source of heading or term lemb
Topical term or geographic name as entry element Quiebra
Geographic subdivision Argentina
650 #7 - SUBJECT ADDED ENTRY--TOPICAL TERM
Source of heading or term lemb
Topical term or geographic name as entry element Salarios
General subdivision Legislación
Geographic subdivision Argentina
650 #7 - SUBJECT ADDED ENTRY--TOPICAL TERM
Source of heading or term lemb
Topical term or geographic name as entry element Contrato de trabajo
Geographic subdivision Argentina
700 1# - ADDED ENTRY--PERSONAL NAME
Personal name Lorente, Javier Armando,
Relator term autor
942 ## - ADDED ENTRY ELEMENTS (KOHA)
Source of classification or shelving scheme Biblioteca del Cogreso de los Estados Unidos
Koha item type Libro
Holdings
Estado de pérdida Fuente de clasificación Estado del daño No para préstamo Ubicación permanente Ubicación actual Apartado o colección Fecha de adquisición Edición Área del conocimiento Clasificación Código de Barras Date last seen Número de copia Costo por reposición Tipo de recurso
  Biblioteca del Cogreso de los Estados Unidos     Biblioteca de la Facultad de Derecho y Ciencias Sociales "Felipe J. Tena" Biblioteca de la Facultad de Derecho y Ciencias Sociales "Felipe J. Tena" General 06/06/2018 2a ed. Ciencias Sociales y Administrativas KHA1499.W34 M39 2000 BFD000010275 06/06/2018 1 1.00 Libro